书目信息 |
| 题名: |
全国统一安装工程预算定额
|
|
| 作者: | 天津市城乡建设委员会主编 | |
| 分册: | 9 通风空调安装工程 | |
| 出版信息: | 北京 中国计划出版社 1995.10 |
|
| 页数: | 148页 | |
| 开本: | 32开 | |
| 丛书名: | ||
| 单 册: | ||
| 中图分类: | TU203 | |
| 科图分类: | ||
| 主题词: | ||
| 电子资源: | ||
| ISBN: | 7-80058-053-9 | |
| 000 | 00629nam0 2200169 45 | |
| 001 | 0199003842 | |
| 005 | 20070122161454.00 | |
| 010 | @a7-80058-053-9@dRMB 4.00 | |
| 100 | @a19990804d km y0chiy0120 ea | |
| 101 | 0 | @achi |
| 200 | 1 | @Aquan guo tong yi an zhuang gong cheng yu suan ding e@FTIAN JIN SHI CHENG XIANG JIAN SHE WEI YUAN HUI ZHU BIAN@a全国统一安装工程预算定额@h9@i通风空调安装工程@f天津市城乡建设委员会主编 |
| 210 | @a北京@c中国计划出版社@d1995.10 | |
| 215 | @a148页@c无图表@d32开 | |
| 517 | 1 | @a通风空调安装工程@Atong feng kong diao an zhuang gong cheng |
| 690 | @aTU203 | |
| 801 | 0 | @c20070122 |
| 905 | @dTU203@eG:347:9@f2 | |
| 全国统一安装工程预算定额.9.通风空调安装工程/天津市城乡建设委员会主编.-北京:中国计划出版社,1995.10 |
| 148页:无图表;32开 |
| ISBN 7-80058-053-9:RMB 4.00 |
| ● |
| 相关链接 |
|
|
|
正题名:全国统一安装工程预算定额
索取号:TU203/G:347:9
 
预约/预借
| 序号 | 登录号 | 条形码 | 馆藏地/架位号 | 状态 | 备注 |
| 1 | 206759 | 202067592 | 自科二线404/404自科库 14排1列2层/ [索取号:TU203/G:347:9] | 在馆 | |
| 2 | 206760 | 202067609 | 自科二线404/404自科库 14排2列3层/ [索取号:TU203/G:347:9] | 在馆 | |
| 3 | 23403 | 200159265 | 自科二线404/404自科库 14排2列3层/ [索取号:TU203/G:347:9] | 在馆 | |
| 4 | 23404 | 200156419 | 自科二线404/404自科库 14排2列3层/ [索取号:TU203/G:347:9] | 在馆 |